00622nam a22002057a 4500003000900000008004100009040007100050082002700121100002000148245004700168260003200215300002900247440003700276650001300313650001500326650001400341650001000355700001800365700003300383AR-CdUCM190401b ||||| |||| 00| 0 spa d aMUNICIPALIDAD PROVINCIAL DEL CUSCOcBIBLIOTECA MUNICIPAL DEL CUSCO a985.0191 /bB45 / 1956 aCobo, Bernabé aHistoria del nuevo mundo /bBernabé Cobo aCuzco :bH.G. Rozas,c1956. a275 páginas. :c20 cm. aPublicaciones Pardo - Galimberti aHistoria aCrónicas aCronistas aInkas aPardo, Luis A aGalimberti Miranda, Carlos A